Sudden Death - Pro Sports Teams of the US - Statistics

General Stats
  • This quiz has been taken 921 times
  • The average score is 6 of 18
Answers on the Grid
Answers color-coded by a green-red scale on the quiz's grid according to % correct below.
Baltimore Ravens
Seattle Storm
Detroit Banana Slugs
Golden State Warriors
San Francisco Giants
Edmonton Oilers
New England Patriots
New York Knicks
Chicago Red Sox
Chicago Sky
Seattle SuperSonics
Chicago White Sox
Golden State Valkyries
Green Bay Packers
Houston Sparks
Anaheim Ducks
New York Jets
San Francisco 49ers
Toronto Maple Leafs
Tampa Bay Rays
Indiana Fever
Washington Wizards
Portland Timbers
Washington Witches
Seattle Squids
Minnesota Twins
San Jose Earthquakes
Dallas Stars
 
Answer Stats
Answer % Correct
Baltimore Ravens
42%
New York Knicks
41%
Golden State Warriors
40%
New York Jets
40%
San Francisco 49ers
40%
New England Patriots
39%
Washington Wizards
38%
Minnesota Twins
37%
Green Bay Packers
36%
San Francisco Giants
36%
Tampa Bay Rays
35%
Chicago White Sox
34%
Dallas Stars
31%
Anaheim Ducks
29%
Indiana Fever
25%
Chicago Sky
23%
Seattle Storm
16%
Golden State Valkyries
13%
No matching quizzes found
Score Distribution
Percent of People with Each Score
Percentile by Number Answered
Your Score History
You have not taken this quiz